| 000 | 01052 a2200229 4500 | ||
|---|---|---|---|
| 001 | 22641 | ||
| 005 | 20260407155517.0 | ||
| 008 | 260407a2014 arg spa d | ||
| 003 | AR-UNSa-BCEJYS | ||
| 040 |
_aAR-UNSa-BCEJYS _bspa _cAR-UNSa-BCEJYS |
||
| 080 |
_a510 _xConsideraciones fundamentales y generales de las matemáticas |
||
| 245 | 1 | 0 | _aMatemática I |
| 020 | _a978-987-33-4298-1 | ||
| 264 | 1 |
_aSalta : _bUniversidad Nacional de Salta. Facultad de Ciencias Económicas, Jurídicas y Sociales _c2014 |
|
| 300 |
_a231 p. _c29 cm. |
||
| 505 | _a1. Lenguaje matemático - 2. Conjuntos numéricos - 3. Polinomios - 4. Ecuaciones e Inecuaciones - 5. Sumatoria y productoria - 6. Matrices - 7. Determinantes - 8. Sistemas de ecuaciones lineales - 9. Sistemas de inecuaciones lineales | ||
| 942 | _cBK | ||
| 590 | _aniveau_biblio:m niveau_hierar:0 | ||
| 100 | 1 | _aAstorga de Bárcena, Angélica Elvira | |
| 700 | 1 | _aLisi, Mónica | |
| 856 | 4 | 1 |
_uhttps://biblioeco.unsa.edu.ar/pmb/images/libros/Matematica I-l119576.jpg _yImagen de portada _qimage/jpeg |
| 999 |
_c1039 _d1039 |
||